000 00557nam a2200193Ia 4500
003 GCL
008 140319s9999 xx 000 0 ara d
040 _aGCL /
_cGCL
082 0 4 _a843.3
_bك د
100 1 _aكامرالاى
245 1 0 _aدراموس /
_cكامرالاى
700 1 _aريم جوزيف زحكا
300 _a163 ص
490 _aروايات عالمية
_v0
650 0 4 _aالقصص الفرنسية
650 0 4 _aالادب الفرنسى المترجم
650 0 4 _aالادب العالمى المترجم
942 _2ddc
_cBK
999 _c43696
_d43696